1538 1065 1704 1791 1950 1989 1072 1544 1422 1988 1119 1306 1756 1094 1268 1966 1117 1576 1697 1619 1171 1602 1875 1650 1424 1677 1764 1172 1154 1846 1713 1228 1843 1650 1170 1185 1877 1586 1933 1047 1874 1901 1708 1156 1339 1284 1813 1882 1316 1194 1802 1829 1165 1428 1650 1455 1200 1161 1428 1770 1319 1820 1567 1788 1233 1369 1360 1712 1612 1625 1617 1786 1435 1726 1264 1632 1550 1716 1153 2000 1485 1422 1567 1372 1274 1441 1076 1708 1173 1375 1929 1020 1458 1594 1239 1999 1963 1570 1554 BCNSPRNW ULIB Ver.6.0+V

เปลี่ยนเป็นภาษาไทย

Change to English
 แสดงรายละเอียดบรรณานุกรม
  กลับหน้าหลัก

Brief Record : Get Marc (ISO 2709) : E-mail record : QR code < ปิดหน้าต่าง
LEADER : 00000nam 2200000uu 4500
001    13399112750
003     ULIB
008    110908s2552||||th 000 0 tha d
020    9789740325758
050  4 LB1028^bพ969ก 2552
245 00 การวิจัยทางการศึกษา :^bหลักและวิธีการสำหรับนักวิจัย /^cไพฑูรย์ สินลารัตน์, สำลี ทองทิว, บรรณาธิการ
250    พิมพ์ครั้งที่ 6
260    กรุงเทพฯ :^bสำนักพิมพ์แห่งจุฬาลงกรณ์มหาวิทยาลัย,^c2552
300    (6), 412 หน้า :^bภาพประกอบ ;^c21 ซม.
650  4 การศึกษา^xวิจัย
650  4 การพัฒนาการศึกษา
650  4 การวิจัย
700 0  ไพฑูรย์ สินลารัตน์,^eบรรณาธิการ
700 0  สำลี ทองทิว,^eบรรณาธิการ
945    ^p220^l0^i026856
995    ทศพร
999 ^a ทศพร
รายการนี้ยังไม่มีแท็ก
คุณยังไม่ได้ล็อกอิน คุณสามารถมีกิจกรรมร่วมกับเว็บไซต์ได้ แต่ต้องล็อกอินก่อน ::
  ล็อกอิน

รายการสื่อสารสนเทศ

ลำดับที่ ประเภท เลขเรียก/บาร์โค้ด สถานที่ สถานะ
- ไม่พบข้อมูล -

รายการใกล้เคียง
    หัวเรื่อง [การพัฒนาการศึกษา]
    หัวเรื่อง [การวิจัย]

BibComment


ยังไม่เคยถูกคอมเมนท์

คอมเมนท์ทรัพยากรรายการนี้
  คอมเมนท์: การวิจัยทางการศึก..


 Copyright 2026. Bcnsprnw @Library